[Event "118th SUI-ch 2018"]
[Site "Lenzerheide"]
[Date "2018.07.15"]
[Round "4"]
[White "Gallagher, Joseph G"]
[Black "Bogner, Sebastian"]
[Result "0-1"]
[WhiteElo "2434"]
[BlackElo "2605"]
[Annotator "TA"]
[PlyCount "74"]
[EventDate "2018.07.12"]
[EventType "tourn"]
[EventCountry "SUI"]
[SourceTitle "playchess.com"]
[Source "ChessBase"]
[SourceQuality "1"]

{[%evp 29,74,-60,101,108,115,22,34,0,91,103,90,0,0,0,0,0,0,0,0,0,0,-97,-97,-137,0,-138,-123,-145,-81,-227,-212,-381,-363,-1270,-1144,-1201,-388,-1495,-1450,-1309,-1147,-29969,-5281,-29987,-29988,-29993,-29994]} 1. e4 {Atlas,V} c5 2. Nf3 d6 3. d4 cxd4 4. Nxd4 Nf6 5. Nc3 a6 6. Be3 Ng4 7. Bc1 Nf6 8. Be3 e6 9. g4 e5 10. Nf5 g6 11. g5 gxf5 12. exf5 d5 {[%cal Bd6d5,Bd5d4][%mdl 32]} 13. gxf6 d4 14. Bc4 Qc7 15. Qd3 {B81: Sizilianisch (Keres-Angriff)} Bb4 $2 {[#] LiveBook: 3 Partien} (15... dxc3 $2 16. bxc3 Qd6 17. Rg1 $17) (15... dxe3 $15 {behält die Oberhand.} 16. fxe3 b5) 16. Bxd4 $146 ({Vorgänger:} 16. O-O-O Bxc3 17. Bh6 Bb4 18. f4 Nc6 19. fxe5 Qxe5 20. Bxf7+ Kxf7 21. Qb3+ Be6 22. fxe6+ Qxe6 {½-½ (31) Leko,P (2630)-Almasi,Z (2655) Cacak 1996 CBM 057 [Atlas,V]}) 16... exd4 {[#]} 17. Qe4+ (17. O-O-O $1 $16 Bxc3 18. Qe4+ Kd8 19. bxc3) 17... Kd8 $1 $11 (17... Kf8 $2 18. Qxd4 Nc6 19. Qe3 $17) 18. O-O-O Bxc3 (18... Nc6 $1 $11 {bleibt in der Remisbreite.}) 19. bxc3 $16 Nc6 {[#]} 20. Rhe1 (20. Rxd4+ $1 $16 Nxd4 21. Qxd4+ Qd7 22. Qc5) 20... Qd6 21. Bxf7 {[%cal Rd1d4] Droht Txd4 und aus.} Qxf6 22. Be6 Bxe6 23. fxe6 {[%cal Rc3d4]} Kc7 {Weiss muss nun ...Tad8 beachten.} ({Natürlich nicht} 23... Qxf2 $6 24. cxd4 Qf8 25. d5 $18) 24. cxd4 Rad8 $36 {[%cal Rc6d4][%mdl 2048] Schwarz hat gut koordiniertes Spiel.} 25. c3 (25. e7 $11 Rde8 26. d5 Qa1+ 27. Kd2 Qd4+ 28. Qxd4 Nxd4 29. Kd3) 25... Rd6 $17 26. f4 Ne7 (26... Re8 $17 {[%cal Rd6e6]} 27. f5 Ne7) 27. Rd2 (27. Qe5 $1 $11 Rf8 28. Re4) 27... Rf8 28. Qxh7 Kb8 (28... Rxe6 $142 29. Re5 Rf7) 29. Re5 (29. Qe4 $17) 29... Rc8 {[%mdl 1024] Schwarz hat starke Kompensation.} ({Jedoch nicht} 29... Rxe6 30. Qe4 $17) 30. Qf7 $2 (30. Qd3 Qxf4 31. Kb2) 30... Qh4 $19 31. Re3 $2 (31. Kc2 Nc6 32. Rc5) 31... Nd5 $1 {[%csl LRc3,LRe3,LRf4]} 32. Rb2 Rc7 $2 (32... b5 33. Rg3 Rxc3+ 34. Kb1 Rxg3 35. Qe8+ Kb7 36. hxg3 Qh1+ 37. Kc2 Rc6+ 38. Qxc6+ Kxc6) 33. Qf8+ $2 (33. e7 Nxe7 34. Rc2) 33... Ka7 34. Qxd6 Nxe3 {[%cal Rh4e1]} 35. Qb6+ Kb8 (35... Ka8 $142 36. Re2 Rxc3+ 37. Kd2 Nc4+ 38. Kxc3 Nxb6 39. Kd3 Qh3+ 40. Ke4 Qxe6+ 41. Kf3 Qc6+ 42. Kf2 Nd5 43. f5 Qc3 44. Kf1 Ne3+ 45. Rxe3 Qxe3 46. Kg2 Qg5+ 47. Kf3 Qxf5+ 48. Ke2 Qe6+ 49. Kd1 Qxa2 50. d5 Qxd5+ 51. Ke1 b5 52. h4 b4 53. h5 b3 54. Kf2 b2 55. Kg3 b1=Q 56. Kf2 Qb2+ 57. Kg3 Qxh5 58. Kf4 Qbe5#) 36. Re2 Rxc3+ 37. Kb1 Qh7+ {Precision: Weiß = 18%, Schwarz = 58%.} 0-1

[Event "118th SUI-ch 2018"]
[Site "Lenzerheide"]
[Date "2018.07.15"]
[Round "4"]
[White "Gaehwiler, Gabriel"]
[Black "Studer, Noel"]
[Result "0-1"]
[WhiteElo "2419"]
[BlackElo "2484"]
[Annotator "TA"]
[PlyCount "144"]
[EventDate "2018.07.12"]
[EventType "tourn"]
[EventCountry "SUI"]
[SourceTitle "playchess.com"]
[Source "ChessBase"]
[SourceQuality "1"]

{[%evp 16,144,-15,-41,-46,-46,-46,-46,-40,-49,-50,-54,-47,-46,-44,-85,-78,-83,-81,-88,-85,-85,-85,-87,-87,-87,-84,-85,-67,-70,-58,-57,-54,-87,-68,-90,-92,-86,-58,-125,-125,-125,-120,-120,-112,-112,-117,-139,-154,-173,-173,-184,-184,-184,-181,-183,-174,-198,-174,-184,-187,-184,-185,-214,-217,-222,-221,-288,-288,-385,-343,-370,-347,-362,-341,-353,-347,-319,-220,-231,-216,-214,-218,-256,-176,-175,-125,-143,-131,-184,-122,-139,-106,-119,-87,-110,-89,-89,-97,-101,-102,-101,0,-123,-89,-111,-95,-164,-174,-160,-168,-202,-209,-295,-296,-293,-290,-297,-292,-288,-291,-290,-287,-323,-331,-639,-640,-631,-626,-656,-596]} 1. d4 d5 2. c4 e6 3. Nf3 c6 4. g3 dxc4 5. Bg2 b5 6. Ne5 {D30: Queen's Gambit Declined: Systems without Nc3} Bb7 7. O-O Nd7 (7... a6 8. Nc3 Bb4 9. a4 Ne7 10. Ne4 Nd7 11. Bd2 Bxd2 12. Nd6+ Kf8 13. Nexf7 Qc7 14. Qxd2 Nc8 15. Qf4 Nf6 16. Nxc8 Qxf4 17. gxf4 Rxc8 18. Nxh8 {1-0 (39) Wei,Y (2753)-Sambuev,B (2522) Tbilisi 2017}) 8. a4 Qc8 9. b3 {LiveBook: 4 Games} Nxe5 10. dxe5 b4 {White must now prevent ...c3.} 11. bxc4 $146 ({Predecessor:} 11. Nd2 cxb3 12. Nc4 c5 13. Bxb7 Qxb7 14. Qxb3 {0-1 (30) Gaehwiler,G (2427)-Sethuraman,S (2632) Germany 2017}) 11... c5 12. Bxb7 $1 Qxb7 13. Nd2 Ne7 {[%cal Bg8e7,Be7c8,Bc8b6][%mdl 32]} 14. Bb2 a5 15. Nb3 Nc8 16. f4 Nb6 17. Qd3 Rd8 18. Qc2 Qa6 19. Rfc1 Be7 20. Qe4 {White wants to play Qc6+.} Rc8 21. Rc2 O-O 22. Bc1 Rc7 23. Be3 Ra8 24. Kf2 Qc8 25. Rd2 Qe8 26. Rda2 Raa7 27. Kf3 (27. Kg1 $15) 27... f6 $17 28. Kg2 fxe5 29. fxe5 Qc6 30. Qxc6 Rxc6 31. Rc2 Nd7 32. Rd1 Nxe5 33. Bf4 Nd7 $1 34. e4 Nb6 35. Ra1 Rc8 36. Be3 Raa8 37. Kf3 Bf6 38. Raa2 Nd7 39. Ke2 Bc3 40. Bd2 Bd4 41. Bf4 e5 42. Bg5 Nf8 43. Rc1 Ne6 44. Bd2 Rf8 45. Rf1 Rxf1 46. Kxf1 Ra7 47. Bc1 Kf7 48. Rd2 Ke7 49. Rd3 Kd6 50. Rf3 Re7 51. Rf5 h6 52. h3 (52. g4 $17) 52... Rc7 (52... Nc7 $19 {Hoping for ...Na8.} 53. Rf8 Ne6) 53. Ke2 Ra7 54. Kd3 Ke7 55. Ke2 Ke8 56. Kd3 Rd7 57. Ke2 Rd6 58. Bd2 Rd7 59. Bc1 $1 Re7 60. Kd3 Nd8 61. Nxa5 (61. g4 $17 {was called for.}) 61... Ra7 $19 62. Nb3 {[#]} Nc6 $1 63. a5 {[#]} Ke7 $1 64. Be3 (64. Nxd4 $142 cxd4 65. c5) 64... Bxe3 ({Less strong is} 64... Nxa5 65. Bxd4 exd4 66. Re5+ (66. Nxc5 Nc6 $17) 66... Kf7 67. Rf5+ (67. Nxc5 Nc6 $17) 67... Kg8 68. Nxc5 $15) 65. Kxe3 {[%mdl 4096] Endgame KRN-KRN} g6 ({Weaker is} 65... Nxa5 66. Rxe5+ Kf7 67. Rf5+ Ke7 68. Re5+ Kf7 69. Rf5+ Ke7 70. Re5+ $11) 66. Rf1 Nxa5 67. Nxc5 Nxc4+ 68. Kd3 Nd6 69. Rb1 Rc7 70. Na6 $2 (70. Rc1) 70... Rc3+ {Black is clearly winning.} 71. Ke2 b3 72. Nb4 Ke6 {Precision: White = 58%, Black = 66%.} 0-1

[Event "118th SUI-ch 2018"]
[Site "Lenzerheide"]
[Date "2018.07.15"]
[Round "4"]
[White "Baenziger, Fabian"]
[Black "Jenni, Florian"]
[Result "0-1"]
[WhiteElo "2382"]
[BlackElo "2447"]
[Annotator "TA"]
[PlyCount "48"]
[EventDate "2018.07.12"]
[EventType "tourn"]
[EventCountry "SUI"]
[SourceTitle "playchess.com"]
[Source "ChessBase"]
[SourceQuality "1"]

{[%evp 13,48,13,10,14,24,27,29,10,0,-36,-50,-72,-71,-118,-118,-125,-118,-131,-156,-464,-466,-499,-270,-264,-242,-228,-240,-223,-227,-233,-228,-224,-208,-227,-227,-335,-226]} 1. d4 Nf6 2. c4 e6 3. Nc3 Bb4 4. Qc2 d6 5. a3 Bxc3+ 6. Qxc3 b6 {E32: Nimzo-Indian: Classical (4 Qc2): 4...0-0} (6... Nbd7 7. f3 a5 8. e4 e5 9. Ne2 a4 10. Be3 O-O 11. O-O-O b6 12. g4 Ra5 13. h4 Re8 14. h5 h6 {1-0 (84) Riazantsev,A (2671)-Melkumyan,H (2633) Doha 2016}) 7. f3 O-O {LiveBook: 6 Games} 8. e4 c5 {The position is equal.} 9. d5 Re8 {next ...exd5 is good for Black.} 10. Be3 $146 ({Predecessor:} 10. Ne2 exd5 11. cxd5 h6 12. Be3 Qe7 13. Qd2 Nbd7 14. Nc3 a5 15. Bb5 {½-½ (63) Van Seben,E (2413)-Rychkov,S (2129) LSS email 2012}) 10... b5 11. dxe6 Bxe6 12. Rd1 {[#]} bxc4 $1 {Hoping for ...d5.} 13. Bxc4 Bxc4 14. Qxc4 {[#]} d5 $1 {[%cal Rd5c4][%mdl 512]} 15. Qc3 (15. exd5 Rxe3+) 15... Nbd7 16. exd5 $2 (16. Ne2 $17 {is more resistant.}) 16... Nb6 $19 17. Kf2 Nbxd5 (17... Nfxd5 $142 18. Qxc5 Rc8) 18. Qc1 Rxe3 19. Qxe3 Nxe3 20. Rxd8+ Rxd8 21. Kxe3 {KRN-KRN} Rd1 22. h4 Nd5+ 23. Kf2 Rb1 24. Kg3 (24. b3 $142) 24... Ne3 {Precision: White = 37%, Black = 68%.} (24... Rxb2 $2 25. Nh3 $19) 0-1

[Event "118th SUI-ch 2018"]
[Site "Lenzerheide"]
[Date "2018.07.15"]
[Round "4"]
[White "Ekstroem, Roland"]
[Black "Kurmann, Oliver"]
[Result "0-1"]
[WhiteElo "2381"]
[BlackElo "2451"]
[Annotator "TA"]
[PlyCount "78"]
[EventDate "2018.07.12"]
[EventType "tourn"]
[EventCountry "SUI"]
[SourceTitle "playchess.com"]
[Source "ChessBase"]
[SourceQuality "1"]

{[%evp 15,78,16,82,46,48,50,63,8,19,-58,-55,-82,-84,-86,38,-3,-7,-85,-64,-64,-61,-48,-61,-58,-58,-59,-52,-63,-58,-61,-41,-98,-97,-109,-97,-107,-104,-107,-93,-112,-104,-178,-168,-154,-170,-394,-381,-989,-702,-658,-405,-381,-371,-714,-714,-1647,-612,-581,-579,-503,-459,-689,-666,-569,-528]} 1. e4 c5 2. Nf3 e6 3. b3 b6 4. Bb2 Bb7 5. Nc3 a6 6. d4 {B40: Sicilian: 2...e6, Unusual lines} cxd4 7. Qxd4 (7. Nxd4 Qc7 8. Qd2 Nf6 9. f3 Nc6 10. Nxc6 dxc6 11. O-O-O Be7 12. Bd3 b5 13. e5 Nd7 14. Ne4 Nxe5 15. Qc3 {1-0 (35) So,W (2780)-Vallejo Pons,F (2707) Leon 2018}) 7... d6 8. O-O-O Nd7 {LiveBook: 3 Games} (8... Nc6 $11 9. Qe3 Qc7) 9. Kb1 Qc7 10. Nd2 b5 11. f3 $146 (11. a4 $1 $14) ({Predecessor:} 11. a4 bxa4 12. Qxa4 Ngf6 13. f4 Be7 14. Qc4 Qb8 {1-0 (24) Dgebuadze,A (2487)-Sadkowsky,D (2248) Brasschaat 2014}) 11... Ngf6 (11... Rc8 $5 {[%cal Rf8e7]}) 12. Bd3 (12. a4 $11) 12... Be7 $15 13. Qf2 O-O 14. g4 e5 ({Better is} 14... Rac8 $17 15. Nf1 Ne5) 15. h4 Nc5 16. h5 (16. Bf1 $11 {remains equal.}) 16... Rac8 17. Nf1 b4 $1 {[%cal Rb4c3]} 18. Nd5 $1 {[%cal Rd5c7]} Nxd5 19. exd5 Nxd3 20. Rxd3 Qc5 $36 {[%mdl 2048] Black has some pressure.} 21. Qxc5 Rxc5 22. Ne3 Bg5 23. Nc4 (23. Nf5 $15) 23... Rd8 ({Of course not} 23... Bxd5 $6 24. Nxd6 Bc6 25. c4 $11) 24. Rhd1 a5 {[%cal Ba6a5,Ba5b4][%mdl 32]} 25. c3 {[#]} Ba6 $1 26. cxb4 axb4 27. Bc1 h6 28. f4 (28. Re1 $17) 28... exf4 $19 29. Rd4 f3 30. a3 $2 (30. Bxg5 {was called for.} hxg5 31. Rf1) 30... Bxc4 31. axb4 $2 (31. Rxc4 Rxc4 32. bxc4) 31... Bxb3 32. bxc5 Bxd1 33. Rxd1 {White wants to play c6.} dxc5 34. Bxg5 $2 (34. Kc2) 34... hxg5 {KR-KR. Black is clearly winning.} 35. Kc2 {[#]} f2 (35... f5 $142 $1 36. Rf1 (36. gxf5 g4) 36... fxg4) 36. Rf1 Rxd5 37. Rxf2 Rd4 38. Rf5 (38. Rg2 $142) 38... Rxg4 39. Rxc5 Kh7 {Precision: White = 20%, Black = 62%.} 0-1

[Event "118th SUI-ch 2018"]
[Site "Lenzerheide"]
[Date "2018.07.16"]
[Round "5"]
[White "Bogner, Sebastian"]
[Black "Gaehwiler, Gabriel"]
[Result "1/2-1/2"]
[WhiteElo "2605"]
[BlackElo "2419"]
[Annotator "TA"]
[PlyCount "129"]
[EventDate "2018.07.12"]
[EventType "tourn"]
[EventCountry "SUI"]
[SourceTitle "playchess.com"]
[Source "ChessBase"]
[SourceQuality "1"]

{[%evp 13,128,30,46,20,28,25,23,37,24,0,41,47,40,47,43,54,44,44,65,25,37,29,29,25,24,25,53,56,50,50,83,83,104,106,104,84,288,286,295,142,155,146,158,161,152,154,160,151,161,154,154,29,29,27,29,29,359,36,29,36,31,29,31,18,58,14,14,14,10,0,0,0,0,0,0,0,0,0,0,0,1,0,0,0,0,0,0,0,0,0,0,0,0,0,0,0,0,0,0,0,0,0,0,0,0,0,0,0,0,0,0,0,0,0,0,0,0]} 1. Nf3 Nf6 2. c4 e6 3. g3 d5 4. Bg2 g6 5. O-O Bg7 6. d4 O-O 7. Nc3 dxc4 {LiveBook: 4 Games} 8. Ne5 {D77: Fianchetto Grünfeld: 6 0-0: Replies other than 6...c6} Nd5 9. Nxc4 Nc6 10. e3 {[%cal Be2e3,Be3e4][%mdl 32] White has an edge.} b6 11. e4 $146 ({Predecessor:} 11. Bd2 Bb7 12. a3 Nxd4 13. Nxd5 Bxd5 14. exd4 Bxc4 15. Bxa8 Bxf1 {0-1 (33) Sunye Neto,J (2488)-Kasimdzhanov,R (2672) Dresden 2008}) 11... Nxc3 12. bxc3 Ba6 13. Qa4 Bxc4 14. Qxc4 Na5 15. Qe2 e5 16. dxe5 Bxe5 17. Bb2 Qe7 18. f4 Qc5+ 19. Kh1 Bg7 20. e5 $36 {[%mdl 2048] White is more active.} Rad8 21. Rad1 Rfe8 22. Rd4 Qe7 23. Rfd1 c5 24. Rd5 c4 $2 (24... Rxd5 $16 25. Bxd5 Qc7) 25. Ba3 $1 $18 {[%cal Ra3e7]} Qc7 26. Qd2 (26. Rxd8 $1 $18 Rxd8 27. Rxd8+ Qxd8 28. Bd6) 26... Rxd5 $16 27. Qxd5 Bf8 {[#]} 28. Bb4 $1 Bxb4 29. cxb4 c3 30. bxa5 c2 31. Rc1 Rd8 {[#]} 32. Rxc2 ({White has to play} 32. Qf3 $1 $16 {[%cal Rf3e2]} Qd7 33. Rxc2 Qd1+ 34. Qxd1 Rxd1+ 35. Bf1 Rxf1+ 36. Kg2) 32... Rxd5 $11 33. Rxc7 $16 {[%mdl 4096] Endgame KRB-KR} Rd1+ 34. Bf1 Rxf1+ $11 {KR-KR} 35. Kg2 Ra1 36. Rc2 {Black must now prevent a6.} bxa5 37. Kf3 h5 38. Ke4 Rb1 39. Kd3 {With the idea Rc8+.} Rb4 {The position is equal.} 40. Rc8+ Kg7 41. Kc3 Ra4 42. Kb3 Rb4+ 43. Ka3 h4 44. Rc7 hxg3 45. hxg3 Re4 $1 46. Rxa7 Re3+ 47. Kb2 Rxg3 48. e6 Kf6 49. exf7 Kg7 50. Rxa5 Rg4 51. f5 {Strongly threatening fxg6.} (51. Kb3 {looks sharper.} Rxf4 52. Rd5 Rxf7 53. a4 Kf6 54. a5) 51... Kxf7 52. fxg6+ Rxg6 53. Re5 Re6 54. Rd5 Ke7 55. Kc3 Rd6 56. Kc4 (56. Rg5 {feels hotter.} Kd7 57. Kb4 Kc6 58. Ka5 Kb7 59. Rg7+) 56... Rxd5 57. Kxd5 {Threatens to win with Kc6. KP-K} Kd7 58. Kc5 Kc7 59. a4 {[%cal Ba2a4,Ba4a5,Ba5a6,Ba6a7][%mdl 32]} Kb7 60. Kb5 Ka7 61. a5 Kb7 62. a6+ Ka7 63. Ka5 $1 Kb8 64. Kb6 $2 {[%mdl 8192]} (64. Ka4) 64... Ka8 65. a7 $1 {Precision: White = 61%, Black = 70%.} 1/2-1/2

[Event "118th SUI-ch 2018"]
[Site "Lenzerheide"]
[Date "2018.07.16"]
[Round "5"]
[White "Pelletier, Yannick"]
[Black "Gallagher, Joseph G"]
[Result "0-1"]
[WhiteElo "2551"]
[BlackElo "2434"]
[Annotator "TA"]
[PlyCount "70"]
[EventDate "2018.07.12"]
[EventType "tourn"]
[EventCountry "SUI"]
[SourceTitle "playchess.com"]
[Source "ChessBase"]
[SourceQuality "1"]

{[%evp 15,70,34,37,34,60,59,71,29,39,35,84,0,3,18,10,0,0,0,0,0,0,0,0,0,0,0,0,0,0,0,43,35,35,27,31,21,22,32,27,-128,-127,-251,-263,-251,-262,-206,-67,-658,-617,-647,-631,-619,-609,-733,-706,-1047,-1045]} 1. d4 f5 2. g3 Nf6 3. Bg2 g6 4. Nf3 Bg7 5. b3 O-O 6. Bb2 a5 {A81: Dutch Defence: 2 g3} (6... d6 7. O-O c6 8. c4 a5 9. Nc3 Na6 10. Rb1 Qc7 11. d5 e5 12. dxe6 Bxe6 13. Ng5 Bd7 14. Qd2 Rad8 15. Rbd1 Bc8 16. Nh3 Nc5 17. Nf4 Ng4 {0-1 (31) Ftacnik,L (2552)-Navara,D (2737) Slovakia 2017}) 7. c4 c6 8. O-O d5 {LiveBook: 4 Games. White is slightly better.} 9. Qc2 Na6 $146 ({Predecessor:} 9... Be6 10. Ng5 Bf7 11. Nxf7 Rxf7 12. Nc3 e6 13. Rad1 Nbd7 14. f3 Qf8 15. e3 {0-1 (127) Vokac,M (2413)-Vrana,F (2200) Stare Mesto 2016}) 10. Rc1 Be6 11. c5 Ne4 12. Nc3 Bh6 13. Rd1 ({White should try} 13. e3 $16) 13... Nb4 $11 14. Qb1 f4 $1 {[%cal Rf4g3] [#] Strongly threatening ...fxg3.} 15. Nxe4 dxe4 16. Qxe4 Bf5 17. Qe5 Nd5 18. Nh4 $1 {[%cal Rh4f5]} Bc8 $1 19. Bxd5+ cxd5 20. e4 fxe3 21. f4 $1 ({Don't go for} 21. fxe3 $2 g5 $19) 21... Bg4 $36 {[%mdl 2048] Black fights for an advantage.} 22. Rd3 e2 23. Nf3 Ra6 $1 {[%cal Ra6e6]} 24. Qxe2 g5 25. fxg5 Bxg5 {Threatens to win with ...Re6.} 26. Qg2 $1 Bf5 27. Nxg5 $2 (27. Rc3 $11 Be4 28. Qe2) 27... Bxd3 $17 28. Qd2 {[#]} (28. Rd1 $17 Bf5 29. Bc1) 28... Bf5 $1 $19 29. Re1 h6 30. Nf3 Bh3 (30... Raf6 $19 {Hoping for ...Bh3.} 31. Bc1 Be4) 31. Nh4 $2 {[%mdl 8192]} (31. Qd3 $15) 31... Raf6 {Black is clearly winning.} 32. Ng2 Qd7 33. Bc1 Qg4 {( -> ...Qf3)} 34. Qd1 {intending Qxg4+.} Qg6 35. Be3 Qe4 {Precision: White = 39%, Black = 62%.} ({Less strong is} 35... Bxg2 36. Kxg2 h5 37. Bg1 $17) 0-1

[Event "118th SUI-ch 2018"]
[Site "Lenzerheide"]
[Date "2018.07.16"]
[Round "5"]
[White "Studer, Noel"]
[Black "Baenziger, Fabian"]
[Result "1/2-1/2"]
[WhiteElo "2484"]
[BlackElo "2382"]
[Annotator "TA"]
[PlyCount "94"]
[EventDate "2018.07.12"]
[EventType "tourn"]
[EventCountry "SUI"]
[SourceTitle "playchess.com"]
[Source "ChessBase"]
[SourceQuality "1"]

{[%evp 12,94,29,0,0,-29,-11,-53,-58,-60,-50,-104,-52,-45,-46,-56,-70,-96,-93,-97,-85,-99,-98,-79,-91,-75,-81,-73,-17,-24,-18,-16,0,0,0,-47,0,-114,0,0,0,9,99,92,103,60,25,68,150,130,143,122,123,55,58,32,32,32,32,32,32,39,39,0,0,0,0,0,7,0,0,0,0,0,0,0,0,0,0,0,0,0,0,0,0]} 1. d4 d5 2. Nf3 Nf6 3. g3 g6 4. Bg2 Bg7 5. c4 O-O 6. O-O c6 7. Na3 {LiveBook: 39 Partien} Qb6 {D78: Grünfeldindisch (Fianchetto 6.0-0 c6)} 8. Qa4 $146 ({Vorgänger:} 8. b3 Bf5 9. Bb2 a5 10. Qd2 Nbd7 11. Rfc1 Rfd8 12. e3 Ne4 13. Qe2 a4 14. c5 Qa5 15. Ne1 axb3 16. axb3 {½-½ (36) Nikolic,P (2620)-Popovic,P (2510) Pula 1991}) 8... Bf5 9. c5 Qa6 {Schwarz steht etwas besser.} 10. Qxa6 Nxa6 {[%cal Bb8a6,Ba6b4,Bb4c2][%mdl 32]} 11. Bf4 (11. Nh4 $15) 11... b6 (11... Nd7 $17 12. Rac1 Nb4) 12. cxb6 $15 axb6 13. Nb1 Nb4 14. Nc3 Ne4 $1 15. Rfc1 {[#]} Nxc3 $1 16. Rxc3 c5 17. a3 Nc2 18. Rc1 Nxd4 19. Nxd4 cxd4 ({Günstiger ist} 19... Bxd4 $17 20. Rb3 c4) 20. Rb3 $1 $11 e5 21. Bd2 Rac8 22. Rxc8 Rxc8 23. Rxb6 e4 (23... Rc2 $5 {[%cal Rc2d2]} 24. Rb8+ Bf8 $11) 24. a4 {[#]} (24. Kf1 $11 {bleibt in der Remisbreite.}) 24... h6 (24... Bf8 $1 $17 25. Bf4 Rc2) 25. Kf1 $1 Rc2 26. Ke1 $1 d3 (26... Rc4 $11 {hält das Gleichgewicht.}) 27. exd3 $16 exd3 28. Rb8+ Kh7 29. Bxd5 {Droht stark Tb7.} Bd4 (29... Bxb2 $14 30. Bb3 (30. Bxf7 Bc1 $15) 30... Rc7) 30. f3 {zielt auf a5 ab.} ({Natürlich nicht} 30. Bxf7 $6 Bxf2+ 31. Kxf2 Rxd2+ 32. Ke3 Re2+ 33. Kd4 d2 $11) 30... Bxb2 {beabsichtigt ...Lc1.} 31. Bb3 Rc7 32. g4 ({Besser ist} 32. a5 $16) 32... Bd7 $14 33. Rf8 Bc6 $1 34. Rxf7+ Rxf7 35. Bxf7 {Droht a5 und aus.} Bxa4 {[%mdl 4096] Endspiel KLL-KLL} 36. Bc4 Bc2 37. Kf2 Bd4+ {Die Stellung ist ausgeglichen.} 38. Kg3 g5 39. f4 Kg6 40. h3 gxf4+ 41. Kxf4 Bf6 {...Lg5+ ist eine echte Drohung.} 42. Ke4 Bg5 43. Bxd3 Bxd2 44. Bxc2 h5 45. Kf3+ (45. Kd3 $5 {[%cal Rd3d2]} Bg5 46. Ke2+ Kf6 47. gxh5 $11) 45... Kg5 46. h4+ Kxh4 47. gxh5 Kxh5 {Precision: Weiß = 55%, Schwarz = 58%.} 1/2-1/2

[Event "118th SUI-ch 2018"]
[Site "Lenzerheide"]
[Date "2018.07.16"]
[Round "5"]
[White "Kurmann, Oliver"]
[Black "Georgiadis, Nico"]
[Result "1/2-1/2"]
[WhiteElo "2451"]
[BlackElo "2526"]
[Annotator "TA"]
[PlyCount "62"]
[EventDate "2018.07.12"]
[EventType "tourn"]
[EventCountry "SUI"]
[SourceTitle "playchess.com"]
[Source "ChessBase"]
[SourceQuality "1"]

{[%evp 19,62,22,33,-38,-41,-34,-42,-41,-38,-55,-8,-10,-10,-10,-10,-10,-10,-9,-8,-2,-23,-25,-32,-19,28,27,35,22,25,27,76,14,21,0,0,0,0,0,0,0,0,0,0,0,0]} 1. e4 c5 2. Nf3 Nc6 3. Bb5 g6 4. Bxc6 bxc6 5. O-O Bg7 6. Re1 Nh6 7. c3 O-O 8. h3 {B31: Sicilian: 2...Nc6 3 Bb5 g6} f5 9. e5 Nf7 10. d3 d6 {[%cal Bd7d6,Bd6e5][%mdl 32] LiveBook: 13 Games} 11. e6 (11. Bf4 $14) 11... Ne5 $15 12. Nxe5 dxe5 13. Qe2 $146 ({Predecessor:} 13. Na3 Qd5 14. Qe2 f4 15. f3 Bxe6 {½-½ (25) Wang,C (2510)-Moiseenko,A (2674) China 2017}) 13... Qd6 14. Na3 Rd8 (14... Ba6 {seems wilder.} 15. Nc4 Bxc4 16. dxc4 f4 17. Qe4 a5) 15. Nc4 Qxd3 16. Qxd3 Rxd3 17. Nxe5 Bxe5 18. Rxe5 Rd1+ 19. Kh2 Bb7 20. b3 Rad8 21. Re2 Bc8 (21... Rf1 $5 22. Bb2 $8 Rxa1 23. Bxa1 c4 $11) 22. c4 R8d6 23. Bb2 Rxa1 24. Bxa1 Bxe6 $11 {[%mdl 4096] Endgame KRB-KRB} 25. f4 ({White should try} 25. Be5 $16 Rd7 26. Bf4) 25... Kf7 {The position is equal.} 26. Bb2 Rd3 27. Kg1 a5 {[%cal Ba7a5,Ba5a4][%mdl 32]} 28. Kf2 a4 29. Re3 $1 {[%cal Re3d3]} Rd2+ 30. Re2 Rd3 31. Re3 $1 {[%cal Re3d3]} Rd2+ {Precision: White = 67%, Black = 44%.} 1/2-1/2